[Event "Dubai op"]
[Site "Dubai"]
[Date "2001.04.17"]
[Round "3"]
[White "Jobava, Baadur"]
[Black "Asrian, Karen"]
[Result "0-1"]
[WhiteElo "2543"]
[BlackElo "2582"]
[Annotator "Lutz,C"]
[PlyCount "104"]
[EventDate "2001.04.15"]
[EventType "swiss"]
[EventRounds "9"]
[EventCountry "UAE"]
[SourceTitle "CBM 083"]
[Source "ChessBase"]
[SourceDate "2001.07.05"]
[SourceVersion "1"]
[SourceVersionDate "2001.07.05"]
[SourceQuality "1"]

1. d4 d5 2. c4 c6 3. Nf3 Nf6 4. Nc3 e6 5. Bg5 h6 6. Bh4 dxc4 7. e4 g5 8. Bg3 b5
9. Ne5 $5 {Wenn Weiß den Springer nach e5 stellen will, erscheint mir 9.Be2
Bb7 10.Ne5 wie die präzisere Zugfolge. Allerdings erreichen wir später wieder
eine bekannte Stellung.} h5 10. h4 (10. h3 b4 11. Na4 Nxe4 12. Qf3 Nd6 13. Bxc4
g4 14. Qe2 Nxc4 15. Nxc4 Ba6 16. hxg4 Qd5 17. b3 Bg7 18. gxh5 Bxc4 19. bxc4 Qa5
20. Nc5 b3+ 21. Kf1 b2 22. Re1 $40 {1/2-1/2 Jobava,B-Asrian,K/Yerevan 2000/CBM
78 ext (35)}) (10. f3 h4 11. Bf2 Bb7 12. Be3 Nfd7 13. Nxd7 Nxd7 14. Qd2 Be7 15.
Be2 Rg8 16. g3 Qc7 17. Bf2 a6 18. Rg1 O-O-O 19. O-O-O c5 20. gxh4 cxd4 21. Bxd4
Nc5 22. Qc2 gxh4 23. e5 {0-1 Manninen,M-Hansen,L/Nordic zt 1992/CBM 31 (23)})
10... g4 11. Be2 (11. f3 Rg8 12. a4 b4 13. Ne2 gxf3 14. gxf3 Ba6 15. Qc1 c3 16.
Bf2 Qa5 17. bxc3 bxc3 18. Be3 Bb4 19. Nf4 Bxf1 20. Rxf1 Nfd7 21. Ned3 Be7 22.
Ke2 Na6 $13 {0-1 Gofshtein,L-Polgar,S/Tel Aviv 1998/CBM 65 (56)}) 11... Bb7 {
Jetzt haben wir über Zugumstellung eine Stellung aus dem Khalifman-System 9.
Be2 Bb7 10.h4 erreicht.} 12. O-O Nbd7 (12... Bh6 13. Kh2 Nbd7 14. Nxd7 Nxd7 15.
e5 f5 16. exf6 Nxf6 17. b3 cxb3 18. Qxb3 Qe7 19. Bd3 O-O 20. Rae1 Bc8 21. d5
Nxd5 22. Nxd5 cxd5 23. Qxd5 exd5 24. Rxe7 Bf5 25. Bxb5 $16 {1-0 Selin,
O-Novikov,M/Donskoj 2000/CBM 79 ext (43)}) 13. Qc2 Nxe5 (13... Bg7 14. Rad1 {
Sokolov se contente pour l'instant de centraliser ses forces. Il faut dire que
les Noirs sont devant une tâche difficile. Leur position est resserée et on ne
voit guère de refuge convaincant pour abriter le Roi.} Qb6 $5 15. Na4 $1 {
Une conception splendide!} Qa5 $2 16. Nc5 {Empêche ...c5 et enferme le Bb7
pour de bon.} Nxc5 17. dxc5 Qb4 18. Rd6 $16 {1-0 Sokolov,I-Novikov,I/Antwerp
1997/CBM 61/[Lutz] (34)}) 14. Bxe5 Bg7 15. d5 $6 {Mir erscheint diese Öffnung
des Zentrums als verfrüht. 15.Rad1 ist der normale Zug hier.} (15. Rad1 O-O 16.
Bg3 $5 (16. f3 Nh7 17. Bxg7 Kxg7 18. fxg4 Qxh4 19. gxh5 Ng5 20. Qd2 Nh3+ 21.
gxh3 Qg3+ 22. Kh1 Qxh3+ 23. Kg1 Qg3+ 24. Kh1 {Lutz} Qh3+ {1/2-1/2 Van Wely,
L-Lautier,J/Monte Carlo 2000/CBM 76/[Lutz] (24)}) 16... Nh7 (16... Nd7 $5 17.
e5 c5 (17... f5 18. exf6 Qxf6 $13) 18. Ne4 Bxe4 19. Qxe4 Qb6 $13 {0-1 Goldin,
A-Khenkin,I/New York 2000/CBM 76 ext (31)}) 17. e5 f5 18. exf6 Qxf6 19. f3 Qf5
20. Qd2 Qg6 21. fxg4 hxg4 22. Qe3 Rf5 23. Ne4 c5 $1 24. Nxc5 Bd5 25. a4 Raf8
26. axb5 Rf3 $1 $13 {1-0 Kramnik,V-Akopian,V/Dortmund 2000/CBM 78/[Lutz] (41)})
(15. Rfd1 O-O 16. g3 Nd7 17. Bd6 Re8 18. b3 Qb6 19. bxc4 c5 20. Nxb5 Rec8 21.
Rac1 a6 $13 {1/2-1/2 Nielsen,P-Pedersen,S/DEN 2000/EXT 2001 (30)}) 15... cxd5
16. exd5 Bxd5 17. Rad1 O-O 18. Nxb5 Ne8 19. Bxg7 Nxg7 20. Nc3 Rc8 21. g3 Qa5
22. Rd4 Ba8 {Es ist offensichtlich, dass Schwarz keine Probleme mehr hat. Die
lange Diagonale erweist sich als Ärgernis für Weiß.} 23. Rxc4 Rxc4 24. Bxc4 Nf5
25. Qd2 Qd8 26. Rd1 Qf6 27. Bf1 Nd4 $1 28. Bg2 (28. Qxd4 Qf3 $19) 28... Nf3+
29. Bxf3 Bxf3 30. Rc1 Rd8 31. Qe3 Ba8 ({Warum nicht einfach} 31... a6 $17 {
mit klarem schwarzen Vorteil ? Die weißen Figuren müssen ständig die
Grundreihe bewachen.}) 32. Kf1 Qf5 33. Ke1 Kh7 34. Rd1 Rxd1+ 35. Kxd1 $11 {
Mit dem Tausch der Türme hat Weiß jetzt das Gröbste überstanden.} a6 36. Kd2
Kg7 37. Ne2 e5 38. Nc3 Bb7 39. b4 f6 40. Qc5 (40. a4 $5 $11) 40... Qd7+ 41. Ke3
Bc6 42. a3 Kg6 43. Qc4 Qa7+ 44. Ke2 Bf3+ 45. Ke1 Kg7 46. Qd3 (46. Ne4 $11 Qd7
$2 47. Qg8+ $1) 46... Qf7 {Jetzt gelangt die schwarze Dame ins weiße Lager,
aber noch ist alles im Lot.} 47. Qxa6 (47. a4 Qb3) 47... Qb3 48. Qa7+ Kg6 49.
Kd2 $2 (49. Qe3 Qxa3 50. b5 $11 {und Weiß bleibt einfach stehen.}) 49... Qb2+
50. Kd3 Bg2 $1 $19 51. Qc5 Bf1+ 52. Ke4 Qd2 {Matt läßt sich nicht mehr
vermeiden.} 0-1

[Event "FIDE World Cup"]
[Site "Khanty-Mansiysk"]
[Date "2005.11.28"]
[Round "1.2"]
[White "Izoria, Zviad"]
[Black "Erenburg, Sergey"]
[Result "1/2-1/2"]
[WhiteElo "2646"]
[BlackElo "2582"]
[Annotator "Lutz,C"]
[PlyCount "49"]
[EventDate "2005.11.27"]
[EventType "k.o."]
[EventRounds "7"]
[EventCountry "RUS"]
[SourceTitle "CBM 111"]
[Source "ChessBase"]
[SourceDate "2006.04.04"]
[SourceVersion "1"]
[SourceVersionDate "2006.04.04"]
[SourceQuality "1"]

1. d4 d5 2. c4 c6 3. Nf3 Nf6 4. Nc3 e6 5. Bg5 h6 6. Bh4 dxc4 7. e4 g5 8. Bg3 b5
9. Be2 Bb7 10. O-O Nbd7 11. Ne5 $5 Bg7 (11... a6 {0-1 Van Wely,L-Vallejo Pons,
F/Khanty Mansyisk 2005/CBM 111/[Lutz] (26)}) (11... b4 $6 12. Nxd7 Nxd7 13. Na4
$40 {1-0 Janssen,R-Pavasovic,D/Maribor 2004/CBM 102 ext (66)}) 12. Nxd7 (12. f4
Nxe5 13. fxe5 (13. dxe5 Nd7 14. f5 Qb6+ 15. Bf2 c5 16. fxe6 fxe6 17. Bh5+ Ke7
18. Qd6+ Qxd6 19. exd6+ Kxd6 20. e5+ Nxe5 21. Bg3 Kc6 $2 (21... Raf8) 22. Rae1
b4 23. Bxe5 Bxe5 24. Rxe5 bxc3 25. Rxe6+ Kd7 26. Bg4 h5 27. Rf7+ Kd8 28. Bf5
Bc8 29. Rd6+ Ke8 30. Bg6 Rh6 31. Rh7+ Kf8 32. Rd8# {1-0 Pedersen,S-Rasmussen,K/
Nyborg 2001/CBM 83 (32)}) 13... Nd7 14. Bg4 (14. a4 a6 15. b3 cxb3 16. Qxb3 O-O
17. Rad1 Qe7 18. Be1 b4 19. Na2 a5 $17 20. Nxb4 axb4 21. Bxb4 c5 22. dxc5 Bc6
23. Bb5 Nxe5 24. Rd6 Qc7 25. Qg3 Rfc8 26. h4 Qe7 27. hxg5 Qxg5 28. Qf2 Bxe4 29.
Bd2 Qg6 30. Rc1 Bf8 31. Rd4 Nf3+ {0-1 Mitkov,M-Grabarczyk,M/Ohrid 2001/CBM 84 
(31)}) (14. d5 O-O 15. dxe6 Nxe5 16. Qxd8 Rfxd8 17. Bxe5 Bxe5 18. exf7+ Kf8 $17
19. Rf5 Bd4+ 20. Kf1 Bc8 21. Rf3 Be5 22. g3 Be6 23. Ke1 Rd7 24. Rc1 Rad8 25.
Rc2 Rd4 26. Re3 Kxf7 27. Bh5+ Ke7 28. Nd1 Bc7 29. Nf2 Bb6 30. Ree2 Rf8 31. Re3
Rdd8 32. Rf3 Rxf3 33. Bxf3 Rf8 34. Bh1 Bxf2+ 35. Rxf2 Rxf2 36. Kxf2 c3 37. bxc3
Bxa2 38. Ke3 Ke6 {0-1 Jean,O-Boudre,J/Marseille 2001/EXT 2002 (38)}) 14... O-O
(14... Qb6 $5) 15. h4 gxh4 16. Bf4 Qb6 17. a4 a6 18. a5 Qa7 19. Kh1 Rad8 20.
Qe1 Qxd4 21. Rd1 Qc5 22. Qxh4 Rfe8 23. Bxh6 Bxh6 24. Bh5 Rf8 25. Bxf7+ Kh7 26.
Bxe6 Nxe5 27. Bf5+ Rxf5 28. exf5 Rxd1 29. Rxd1 Nd3 30. Rf1 Qe5 31. Ne4 c5 32.
Ng5+ Kg7 33. Ne6+ Kh7 34. Qe7+ Kh8 35. Qe8+ {1-0 Bosboom,M-Baum,B/Germany 1997/
GER-chT2 (35)}) (12. Qc2 $5 a6 13. Rad1 O-O 14. f4 Nxe5 15. dxe5 Nd7 16. f5 Re8
17. Bh5 $40 exf5 18. exf5 Bxe5 19. f6 Qb6+ 20. Kh1 Nf8 21. Bxf7+ Kxf7 22. Rd7+
Nxd7 23. Qh7+ Ke6 24. Qf5+ Kd6 25. Rd1+ Kc5 26. a3 {1-0 Horvath,P-Todorovic,G/
Budapest 2003/CBM 93 ext (26)}) 12... Nxd7 (12... Qxd7 13. e5 $5 (13. Be5 $5 {
/\ f2-f4}) 13... Nd5 14. Ne4 $36) 13. Bd6 a6 (13... e5 $5 14. d5 Nb6 15. dxc6
Bxc6 16. a4 $1 bxa4 17. Nxa4 $40 {1-0 Radjabov,T-Dreev,A/Sant Lluis 2005/CBM
109/[Lutz] (65)}) (13... Bf8 $5 14. Bxf8 Kxf8 15. e5 Qb6 16. f4 $40 {1/2-1/2
Pantsulaia,L-Karjakin,S/Gothenburg 2005/CBM 109/[Lutz] (24)}) 14. a4 {In der
anschließenden Schnellpartie zwischen den gleichen Spielern wählte Weiß 14.e5.}
(14. e5 {1/2-1/2 Izoria,Z-Erenburg,S/Khanty Mansiysk 2005/CBM 111/[Lutz] (52)})
14... e5 15. d5 c5 {Dank des Einschubs ...a7-a6/a2-a4 ist dieser Zug nun
möglich. Schwarz droht ...Qb6.} 16. b4 $1 {Weiß setzt auf seinen starken
Läufer.} (16. axb5 $2 Qb6 17. Bxc4 a5 $17) 16... cxb4 (16... cxb3 17. axb5 b2
18. Ra2 $16) 17. Bxb4 a5 18. Bd6 b4 19. Nb5 Rc8 20. Bxc4 $6 {Das verspricht
bestenfalls ein Remis.} (20. Bg4 $5 Ba6 21. Na7 Qb6 22. Nc6 $40) 20... Rxc4 21.
Rc1 Rxc1 22. Qxc1 Qb6 {Forciert das Unentschieden, aber vielleicht war mehr
drin.} (22... f6 $5 23. Bc7 Qa8 24. Nd6+ Kf8 {, und Weiß muss sich strecken,
um Kompensation für die Figur nachzuweisen.}) 23. Nc7+ Kd8 24. Nb5 Ke8 25. Nc7+
1/2-1/2

[Event "RUS-Cup01 Chigorin Memorial"]
[Site "St Petersburg"]
[Date "1997.11.03"]
[Round "3"]
[White "Ivanov, Sergey"]
[Black "Yagupov, Igor"]
[Result "1/2-1/2"]
[WhiteElo "2530"]
[BlackElo "2415"]
[Annotator "Lutz,C"]
[PlyCount "58"]
[EventDate "1997.11.01"]
[EventType "swiss"]
[EventRounds "9"]
[EventCountry "RUS"]
[SourceTitle "CBM 062"]
[Source "ChessBase"]
[SourceDate "1998.01.31"]
[SourceVersion "1"]
[SourceVersionDate "1998.01.31"]
[SourceQuality "1"]

1. d4 {Kortschnoj} d5 2. c4 c6 3. Nf3 Nf6 4. Nc3 e6 5. Bg5 h6 6. Bh4 dxc4 7. e4
g5 8. Bg3 b5 9. Be2 Bb7 10. O-O Nbd7 11. Qc2 Nh5 (11... Bg7 {Kortschnoj:} 12.
Ne5 {with the idea f2-f4-white has good attacking chances}) 12. d5 $5 {M.E.
muß Schwarz diese Variante nicht fürchten.} Nxg3 13. hxg3 Bg7 14. dxe6 fxe6 15.
e5 Qe7 (15... O-O {0-1 Chernin,A-Gurevich,M/BL2-W9697 1996/BL2-W/[Gurevich,M] 
(35)}) 16. Qg6+ Qf7 17. Qe4 a6 (17... Qf5 {Kortschnoj} 18. Nxb5 $1 Qxe4 19.
Nd6+ Ke7 20. Nxe4 $13) (17... O-O-O {Kortschnoj} 18. Qe3 a6 19. a4 $44) 18. Nd4
Bxe5 19. Bg4 Bxd4 20. Qxd4 O-O-O {Weiß kann das Opfer der beiden Bauern kaum
rechtfertigen.} (20... e5 $2 {Kortschnoj} 21. Bxd7+ Qxd7 22. Qxe5+ Kf7 23. Rad1
$18) (20... O-O $6 {Kortschnoj} 21. Rae1 Rfe8 22. Ne4 $16) 21. Rfe1 Rhe8 22.
Ne4 Kb8 23. Rad1 (23. Nd6 $2 {Kortschnoj} Nf6 24. Qe5 (24. Qc5 Qf8 $17 25. Nf7)
24... Nxg4 25. Nxf7+ Nxe5 26. Nxd8 Nd3 $17) 23... Qe7 24. Nd6 Nf6 25. Bf3 (25.
Rxe6 $2 {Kortschnoj} Qxe6 26. Bxe6 Rxe6 $19) 25... e5 (25... g4 {Kortschnoj}
26. Qe5 $1 $13) 26. Qc5 e4 27. Qa3 {!Kortschnoj} (27. Nxe8 $5 Qxc5 28. Rxd8+
Ka7 29. Nxf6 (29. Bxe4 Qe7 $17) 29... exf3 {Ich vermute, daß Schwarz hier
besser steht.} 30. Rd7 Kb6 {Weiß kann die potentielle Gabel auf d7 nicht
ausnutzen kann, z.B.} 31. Ree7 Bc8 32. Re8 Qf5 $17) (27. Be2 $2 {Kortschnoj}
Nd5 $19) 27... Rf8 28. Bxe4 Nd5 $2 (28... Nxe4 29. Nxe4 Qxa3 30. bxa3 Rd5 $17)
29. Nxc4 Qxa3 (29... Qxa3 30. Nxa3 c5 $15) (29... Qf6 30. Bxd5 (30. Na5 {
Kortschnoj} Qxf2+ 31. Kh2 $13) 30... Qxf2+ 31. Kh2 cxd5 32. Na5 $5 $44) (29...
bxc4 {Kortschnoj} 30. Rxd5 Qxa3 31. Rxd8+ Rxd8 32. bxa3 Kc7 $11 (32... Rd2 $6
33. f4 $14)) 1/2-1/2

[Event "Belgrade Investbank"]
[Site "Belgrade"]
[Date "1997.11.14"]
[Round "4"]
[White "Georgiev, Kiril"]
[Black "Gelfand, Boris"]
[Result "1/2-1/2"]
[WhiteElo "2670"]
[BlackElo "2695"]
[Annotator "Lutz,C"]
[PlyCount "46"]
[EventDate "1997.11.11"]
[EventType "tourn"]
[EventRounds "9"]
[EventCountry "YUG"]
[EventCategory "18"]
[SourceTitle "CBM 062"]
[Source "ChessBase"]
[SourceDate "1998.01.31"]
[SourceVersion "1"]
[SourceVersionDate "1998.01.31"]
[SourceQuality "1"]

1. d4 Nf6 2. Nf3 d5 3. c4 c6 4. Nc3 e6 5. Bg5 h6 6. Bxf6 Qxf6 7. e3 Nd7 8. a3
g6 9. b4 Bg7 10. cxd5 cxd5 $1 $11 {Gelfands Idee.} 11. Bd3 (11. Be2 {1/2-1/2
Dautov,R-Giorgadze,G/EU-chTM 1997/EXP 57/[Lutz] (20)}) 11... O-O 12. O-O Qe7
13. Qb3 Nb6 14. a4 Bd7 15. a5 (15. Nd2 {1/2-1/2 Van Wely,L-Gelfand,B/Tilburg
Fontys 1996/CBM 56/[Gelfand] (31)}) 15... Nc8 16. Rac1 (16. b5 {1/2-1/2 Van
der Sterren,P-Van der Wiel,J/Hoogovens-B 1997/CBM 57/[Lutz] (31)}) 16... Nd6
17. Rc2 Rfc8 18. Rfc1 b5 19. e4 $5 {Weiß muß angesichts der Schwäche c4
bereits um Ausgleich bemüht sein.} Rxc3 20. Qxc3 dxe4 21. Bxe4 Nxe4 22. Qc7 Nd6
23. Ne5 Bxe5 {Gerade als die Partie spannend wird, erfolgt der Remisschluß.} (
23... Bxe5 24. dxe5 Nc4 {sieht wie der beste Zug aus.} (24... Nc8 25. Qb7 $18)
(24... Nf5 25. Qb7 Rd8 26. Rd2 {/\ Rc7}) (24... Ne8 25. Qb7 Rd8 26. Rd2 Qg5 27.
Rdd1 {und der Bd7 steht unbequem.} (27. Rcd1 Bc6 $19)) 25. Rd1 Rd8 26. h3 $1 (
26. Qxa7 Bc6 $1 $19) 26... a6 27. Re2 (27. Rc3 Kf8 28. Rcd3 Ke8 29. Rd4 {
führt zur gleichen Stellung.}) 27... Kf8 28. Re4 Ke8 29. Red4 Nb2 30. R1d2 Nc4
31. R2d3 Nb2 $11) 1/2-1/2

[Event "EU-chT (Men) 11th"]
[Site "Pula"]
[Date "1997.05.??"]
[Round "1.4"]
[White "Anastasian, Ashot"]
[Black "Pelletier, Yannick"]
[Result "1-0"]
[WhiteElo "2575"]
[BlackElo "2470"]
[Annotator "Lutz,C"]
[PlyCount "65"]
[EventDate "1997.05.05"]
[EventType "team-swiss"]
[EventRounds "9"]
[EventCountry "CRO"]
[SourceTitle "CBM 057 Extra"]
[Source "ChessBase"]
[SourceDate "1997.05.01"]
[SourceVersion "1"]
[SourceVersionDate "1997.05.01"]
[SourceQuality "1"]
[WhiteTeam "Armenia"]
[BlackTeam "Switzerland"]
[WhiteTeamCountry "ARM"]
[BlackTeamCountry "SUI"]

1. Nf3 Nf6 2. c4 e6 3. d4 d5 4. Bg5 h6 5. Bxf6 Qxf6 6. Nc3 c6 7. e3 Nd7 8. Bd3
g6 9. O-O dxc4 10. Bxc4 Bg7 11. e4 e5 12. d5 Nb6 13. Bb3 O-O 14. h3 Rd8 15. Qe2
Bd7 16. Rfd1 c5 $2 {Ein strategischer Fehler. Schwarz muß mittels 16...Rac8
die Spannung aufrechterhalten. Zur Erläuterung der Thematik siehe Shulman,
Y-Ippolito,D (Anibal op 4th 1997).} 17. Nd2 Nc8 18. Ba4 Rb8 19. Bxd7 Rxd7 20.
a4 $16 {Weiß greift einfach am Damenflügel an, Schwarz hat kein Gegenspiel.}
Qa6 21. Nb5 Nd6 22. Nc4 Nxb5 23. axb5 Qxb5 24. Rxa7 b6 25. Rda1 h5 26. g3 Rbd8
27. R7a6 Rb7 28. Kg2 Qb4 29. Qc2 Bf6 30. R1a3 Qb5 31. Qb3 Qd7 32. Rxb6 Rdb8 33.
Ra8 1-0

[Event "YUG-ch"]
[Site "Podgorica"]
[Date "1996.??.??"]
[Round "4"]
[White "Drazic, Sinisa"]
[Black "Blagojevic, Dragisa"]
[Result "0-1"]
[WhiteElo "2445"]
[BlackElo "2450"]
[Annotator "Lutz,C"]
[PlyCount "102"]
[EventDate "1996.02.??"]
[EventType "tourn"]
[EventRounds "15"]
[EventCountry "YUG"]
[EventCategory "9"]
[SourceTitle "CBM 053"]
[Source "ChessBase"]
[SourceDate "1996.08.01"]
[SourceVersion "1"]
[SourceVersionDate "1996.08.01"]
[SourceQuality "1"]

1. d4 {King} d5 2. Nf3 c6 3. c4 Nf6 4. Nc3 e6 5. Bg5 h6 6. Bxf6 Qxf6 7. e3 Bd6
8. a3 Qe7 9. e4 dxe4 (9... dxc4 10. e5 Bc7 11. Bxc4 $14 {führt zu dem anderen
Stellungstyp in der Moskauer Variante. Weiß steht ebenfalls etwas besser.}) 10.
Nxe4 Bc7 11. Bd3 Nd7 12. O-O O-O 13. Re1 Rd8 14. c5 $1 $14 {Diese Art von
Struktur sollte der Weiße anstreben. Der befreiende Vorstoß ...c6-c5 wird
verhindert und der Bc8 fristet ein kärgliches Dasein. Man vergleiche die
Partie Piket,J-Dreev,A/Nussloch (02) CBM 53 1996} Nf8 15. Ned2 Bd7 16. Qc2 Be8
17. Re2 b6 18. b4 a5 19. Qc3 Nd7 20. Ne4 Ra7 21. Ree1 axb4 22. axb4 Rda8 23.
Rxa7 Rxa7 24. g3 Qd8 25. Ne5 Nxe5 26. dxe5 bxc5 27. Nxc5 Bb6 28. Rd1 Qa8 29.
Bb1 Qb8 30. h4 Bxc5 $6 {Schwarz wurde von der scheinbaren Aktivität, die er
den nächsten Zugen entfaltet, geblendet. Er sollte seine guten Läufer nicht
einfach so abgeben.} (30... Kf8 $14) 31. bxc5 Rd7 32. Bd3 $2 (32. Re1 $1 Qb5 (
32... Rd5 33. Be4) 33. Be4 $16 {[%csl Rc6,Re8,Rg8] Auch wenn der Schwarze hier
vergleichsweise besser steht als in der obigen Partie, hält Weiß nach wie vor
die Zügel in der Hand. Er kann gegen den Pc6, den Kg8 und den Be8 spielen.})
32... Qd8 33. Qc2 (33. Kf1 Rd5 34. Ke2) 33... Rd5 34. Be2 Qe7 35. Rxd5 exd5 36.
Qc3 (36. f4 $10) 36... f6 37. f4 fxe5 38. fxe5 Bd7 $17 {Jetzt ist der Be2 der
schlechte Läufer, da er die Bauern c5 und e5 nicht verteidigen kann. Man
beachte, wie schnell eine scheinbar risikolose, strategisch klar vorteilhafte
Stellung kippen kann. Anscheinend war der Weiße von Zeitnot geplagt.} 39. Qd4
Bf5 40. Bf3 {King: This was a curious game. White had the better position for
most of the game, but Black has fought a splendid rear-guard action,
exploiting small tactical tricks to gradually improve his position, and now he
actually stands better due to White's isolated pawns.} Kf7 41. Kg2 Ke6 {
The king is the best blockader of a passed pawn.} 42. h5 Qa7 43. Qb4 Qa2+ 44.
Kg1 Qb1+ 45. Qxb1 Bxb1 46. Bd1 Be4 47. Ba4 d4 48. Bb3+ Kxe5 49. Kf2 Bd5 50. Bd1
Bh1 51. Bb3 Ke4 0-1

[Event "FIDE World Cup 9-16"]
[Site "Khanty-Mansiysk"]
[Date "2005.12.11"]
[Round "5.4"]
[White "Van Wely, Loek"]
[Black "Vallejo Pons, Francisco"]
[Result "0-1"]
[WhiteElo "2648"]
[BlackElo "2674"]
[Annotator "Lutz,C"]
[PlyCount "52"]
[EventDate "2005.11.27"]
[EventType "k.o."]
[EventRounds "7"]
[EventCountry "RUS"]
[SourceTitle "CBM 111"]
[Source "ChessBase"]
[SourceDate "2006.04.04"]
[SourceVersion "1"]
[SourceVersionDate "2006.04.04"]
[SourceQuality "1"]

1. d4 d5 2. c4 c6 3. Nc3 Nf6 4. Nf3 e6 5. Bg5 h6 6. Bh4 dxc4 7. e4 g5 8. Bg3 b5
9. Be2 Bb7 10. O-O Nbd7 11. Ne5 a6 $6 $146 {Dieser Zug ist neu. Die
Standardfortsetzung ist 11...Bg7. Der Nachteil ist, dass Schwarz noch etwas
weiter in der Entwicklung zurückfällt. Van Wely geht daher sofort zu Aktionen
über.} (11... Bg7 {1/2-1/2 Izoria,Z-Erenburg,S/Khanty Mansiysk 2005/CBM 111/
[Lutz] (25)}) 12. f4 gxf4 13. Bxf4 Rh7 14. Nxf7 $5 {Van Welys Drang nach vorne
ist nicht zu übersehen.} (14. Qc2 $5 $40 {ist auch nicht von der Hand zu
weisen.}) 14... Rxf7 (14... Kxf7 15. e5 $16) 15. e5 Qb6 16. Bh5 $5 {Weiter im
Opferstil gespielt.} (16. exf6 $5 O-O-O 17. Bg4 Rxf6 18. Ne4 Rxf4 19. Rxf4 c5
20. d5 Bxd5 21. Qe2 $40) 16... Nxh5 17. Qxh5 Qxd4+ 18. Kh1 Qd3 $1 {Der einzige
Zug. Schwarz muss seine Dame nach h7 zurückbringen.} 19. Bxh6 $2 (19. Bg3 Qh7
20. Rf4 Nxe5 21. Ne4 (21. Qxe5 Rxf4 22. Bxf4 Qf5 23. Qc7 Qf7 $13) 21... Qg6 22.
Qxe5 $13) 19... Nxe5 20. Bxf8 Kxf8 21. Qh8+ $2 $19 (21. Ne2 Kg8 22. Qxe5 Qd5
23. Qe3 c5 {Schwarz steht besser, aber die Lage ist noch nicht klar.}) 21...
Ke7 22. Qh4+ Ke8 23. Rfe1 c5 24. Qg5 (24. Rxe5 Rf1+) 24... Qf5 25. Qg8+ Kd7 26.
Rad1+ Nd3 0-1

[Event "FIDE World Cup"]
[Site "Khanty-Mansiysk"]
[Date "2005.11.29"]
[Round "1.3"]
[White "Izoria, Zviad"]
[Black "Erenburg, Sergey"]
[Result "1/2-1/2"]
[WhiteElo "2646"]
[BlackElo "2582"]
[Annotator "Lutz,C"]
[PlyCount "104"]
[EventDate "2005.11.27"]
[EventType "k.o."]
[EventRounds "7"]
[EventCountry "RUS"]
[SourceTitle "CBM 111"]
[Source "ChessBase"]
[SourceDate "2006.04.04"]
[SourceVersion "1"]
[SourceVersionDate "2006.04.04"]
[SourceQuality "1"]

1. d4 d5 2. c4 c6 3. Nf3 Nf6 4. Nc3 e6 5. Bg5 h6 6. Bh4 dxc4 7. e4 g5 8. Bg3 b5
9. Be2 Bb7 10. O-O Nbd7 11. Ne5 Bg7 12. Nxd7 Nxd7 13. Bd6 a6 14. e5 {Weiß
zementiert den eingedrungenen Bd6.} (14. a4 {1/2-1/2 Izoria,Z-Erenburg,S/
Khanty Mansiysk 2005/CBM 111/[Lutz] (25)}) 14... c5 15. Bh5 {Die Drohung ist
16.Qg4.} Bf8 (15... cxd4 16. Qg4 Nf8 17. Qxd4 $16) 16. d5 $5 (16. Bxf8 $5 Nxf8
$1 (16... Kxf8 17. f4 Rh7 18. f5 $40) (16... Rxf8 17. d5 Qb6) 17. Bf3 (17. d5
exd5 18. Bf3) 17... Bxf3 18. Qxf3 Ng6 19. Qc6+ Kf8 20. dxc5 Nxe5 $132) 16...
Bxd6 17. Bxf7+ $2 {Das ist wohl übertrieben.} (17. exd6 O-O $13) 17... Kxf7 18.
dxe6+ Kg7 (18... Kxe6 $5 19. Qxd6+ Kf5 {kam auch in Betracht.} (19... Kf7 $2
20. e6+ $18) 20. Ne2 Nf6 21. Ng3+ Kg6 22. Qe6 Bc8 23. Qc6 Bd7) 19. Qxd6 (19.
exd6 Ne5 20. f4 Nd3 21. Qh5 Qf6 22. f5 Bc6 $17) 19... Nf8 20. e7 Qxd6 21. exd6
Nd7 $17 {Schwarz steht besser, aber in einer Schnellpartie hat Weiß noch
Schwindelchancen. Der weitere Verlauf ist von beiderseitigen Fehlern
gekennzeichnet.} 22. f4 g4 23. Rae1 Nf6 24. Re5 Nd7 25. Re3 Kf7 26. Ne2 h5 27.
f5 Rh6 28. Rd1 Re8 29. Nf4 Rf6 30. Ne6 Rxf5 31. Nd8+ Kf6 32. Re6+ Kg5 33. Nxb7
b4 34. Nd8 c3 35. bxc3 bxc3 36. Re2 Kf6 37. Re6+ Kg7 38. Rc1 Rd5 39. Rxc3 Nf8
40. Re1 Rxd6 41. exf8=Q+ Kxf8 42. Rxe8+ Kxe8 43. Nb7 Rd1+ 44. Kf2 Rd2+ 45. Kg3
h4+ 46. Kxh4 Rxg2 47. a3 c4 48. Nd6+ Kd7 49. Nxc4 Rxh2+ 50. Kxg4 Kc6 51. Kf4
Kc5 52. Ke4 $4 Rh4+ 1/2-1/2